[Event "CAN-op U2000"]
[Site "Kitchener CAN"]
[Date "2006.07.18"]
[Round "4"]
[White "Saxena, Sanjay"]
[Black "Semianiuk, Konstantin"]
[Result "0-1"]
[WhiteElo "1699"]
[BlackElo "1877"]
[PlyCount "92"]
[EventDate "2006.07.15"]
[EventType "swiss"]
[EventRounds "9"]
[EventCountry "CAN"]

1. e4 c5 2. Nf3 Nc6 3. g3 d6 4. Bg2 Nf6 5. d3 e5 6. Nc3 Be7 7. h3 O-O 8. O-O a6
9. a4 Be6 10. Ng5 Bd7 11. f4 h6 12. Nf3 exf4 13. gxf4 Nh5 14. f5 Kh7 15. Nd5
Rg8 16. Nh2 Nf6 17. Nf4 Ne5 18. Ng4 Nfxg4 19. hxg4 Bg5 20. b3 Bh4 21. Nd5 g6
22. Bf4 gxf5 23. Bxe5 dxe5 24. gxf5 Qg5 25. Qe2 Rg7 26. c3 Rag8 27. Ra2 f6 28.
Qe3 Qxe3+ 29. Nxe3 Rg3 30. Nd5 Rxd3 31. Kh1 Rdg3 32. b4 c4 33. b5 axb5 34. axb5
Bxb5 35. Rb1 Bc6 36. Ne7 Rxg2 37. Ra7 Bxe4 38. Nxg8 Rxg8+ 39. Kh2 Bxb1 40.
Rxb7+ Rg7 41. Rxb1 Re7 42. Kg2 e4 43. Rb2 e3 44. Re2 Bg5 45. Kf3 h5 46. Rh2 e2
0-1

[Event "CAN-op U2000"]
[Site "Kitchener CAN"]
[Date "2006.07.18"]
[Round "4"]
[White "Solis, Jaime"]
[Black "White, Chris"]
[Result "1/2-1/2"]
[WhiteElo "1805"]
[BlackElo "1552"]
[PlyCount "85"]
[EventDate "2006.07.15"]
[EventType "swiss"]
[EventRounds "9"]
[EventCountry "CAN"]

1. e4 e6 2. d4 d5 3. Nd2 dxe4 4. Nxe4 Nd7 5. Nf3 Ngf6 6. Bd3 b6 7. c3 Bb7 8.
Qe2 h6 9. O-O Be7 10. h3 O-O 11. Bf4 Re8 12. Ne5 Nxe4 13. Bxe4 Bxe4 14. Qxe4
Nxe5 15. Bxe5 Bd6 16. Rfd1 Qe7 17. Rd3 Rad8 18. Rad1 f6 19. Bxd6 Rxd6 20. f4 a5
21. R1d2 c5 22. dxc5 Rxd3 23. Qxd3 Qxc5+ 24. Qd4 Kf7 25. Qxc5 bxc5 26. Rd6 Rb8
27. Rd2 Ke7 28. Kf2 Rb6 29. Ke3 Rd6 30. b3 Rxd2 31. Kxd2 Kd6 32. Kd3 Kd5 33. g3
g6 34. g4 e5 35. Ke3 g5 36. fxg5 hxg5 37. c4+ Kd6 38. Ke4 Ke6 39. a3 Kd6 40.
Ke3 Kc6 41. Ke4 Kd6 42. Kf5 Kc6 43. Ke4 1/2-1/2

[Event "CAN-op U2000"]
[Site "Kitchener CAN"]
[Date "2006.07.18"]
[Round "4"]
[White "Upper, John"]
[Black "Gaciu, Vlad"]
[Result "1-0"]
[WhiteElo "1993"]
[BlackElo "1701"]
[PlyCount "99"]
[EventDate "2006.07.15"]
[EventType "swiss"]
[EventRounds "9"]
[EventCountry "CAN"]

1. Nf3 g6 2. g3 Bg7 3. Bg2 e5 4. d3 d5 5. O-O c6 6. Nbd2 Be6 7. c4 dxc4 8. Nxc4
Bxc4 9. dxc4 Qxd1 10. Rxd1 Nd7 11. Be3 Ngf6 12. Bh3 Ke7 13. Bg5 Nb6 14. Nxe5 h6
15. Be3 Ne4 16. Bxb6 Bxe5 17. Rd7+ Ke8 18. Bd4 Ng5 19. Bg4 f5 20. Bxe5 Kxd7 21.
Bxh8 Rxh8 22. h4 fxg4 23. hxg5 h5 24. f4 gxf3 25. exf3 Ke6 26. Re1+ Kf5 27. Re7
Rb8 28. f4 Kg4 29. Kf2 Rd8 30. Re6 Kf5 31. Rf6+ Kg4 32. Rxg6 Rd2+ 33. Ke3 Rg2
34. Rh6 Rxg3+ 35. Ke4 Rf3 36. g6 Rxf4+ 37. Ke5 Kf3 38. g7 Re4+ 39. Kf6 Rf4+ 40.
Ke7 Re4+ 41. Kf7 Rf4+ 42. Rf6 h4 43. Rxf4+ Kxf4 44. g8=Q h3 45. Qg1 Kf3 46. Qh2
Kg4 47. Ke6 c5 48. Ke5 b5 49. Ke4 bxc4 50. Qg1+ 1-0

[Event "CAN-op U2000"]
[Site "Kitchener CAN"]
[Date "2006.07.19"]
[Round "5"]
[White "Baxted, Peter"]
[Black "Keep, Richard"]
[Result "1-0"]
[WhiteElo "1685"]
[BlackElo "1785"]
[PlyCount "145"]
[EventDate "2006.07.15"]
[EventType "swiss"]
[EventRounds "9"]
[EventCountry "CAN"]

1. d4 Nf6 2. c4 e6 3. Qc2 c5 4. Nf3 b6 5. Bf4 Bb7 6. Nbd2 d6 7. e3 Be7 8. Be2
Nbd7 9. O-O Nh5 10. Bg3 Nxg3 11. hxg3 f5 12. d5 O-O 13. dxe6 Ne5 14. Nxe5 dxe5
15. e4 fxe4 16. Nxe4 Qc8 17. Bg4 Qc6 18. f3 Bc8 19. Rad1 Bxe6 20. Bxe6+ Qxe6
21. Rd5 Rfd8 22. Rfd1 Rxd5 23. Rxd5 Rd8 24. Rxd8+ Bxd8 25. Qd3 Bf6 26. b3 Be7
27. Kf2 g6 28. Nc3 Kf7 29. Qd5 a6 30. Qxe6+ Kxe6 31. Nd5 Bd8 32. Ke3 b5 33. Ke4
Ba5 34. Kd3 Bd8 35. Nc3 b4 36. Na4 Kd6 37. Ke4 Bc7 38. Nb2 Ke6 39. Nd1 Bd8 40.
Nf2 Bc7 41. Nh3 Bd8 42. g4 Be7 43. g3 Bf6 44. Ng1 Be7 45. Nh3 Bd8 46. Nf2 Be7
47. Nd1 Bg5 48. Nb2 Be7 49. Na4 Kd6 50. Nb6 Bd8 51. Nd5 Ke6 52. Ne3 Bc7 53. g5
Bd6 54. Nd5 a5 55. Nf6 Be7 56. Nxh7 Kd6 57. Nf6 Ke6 58. Ng4 Bd6 59. Nf2 Be7 60.
Nd3 Bd6 61. g4 Be7 62. Nxe5 Bxg5 63. Nxg6 Bf6 64. Nf4+ Kd6 65. Nd5 Bd8 66. Kf5
Bh4 67. f4 Bf2 68. g5 Bd4 69. Nf6 Kc6 70. g6 Kb6 71. g7 a4 72. g8=Q axb3 73.
axb3 1-0

[Event "CAN-op U2000"]
[Site "Kitchener CAN"]
[Date "2006.07.19"]
[Round "5"]
[White "Bergeron, Florian"]
[Black "Saxena, Sanjay"]
[Result "1-0"]
[WhiteElo "1814"]
[BlackElo "1699"]
[PlyCount "98"]
[EventDate "2006.07.15"]
[EventType "swiss"]
[EventRounds "9"]
[EventCountry "CAN"]

1. d4 Nf6 2. c4 g6 3. Nc3 Bg7 4. e4 d6 5. f4 c5 6. dxc5 Qa5 7. Bd3 Qxc5 8. Nf3
Bg4 9. Qe2 Nc6 10. Be3 Bxf3 11. gxf3 Nd4 12. Qf2 Nd7 13. O-O-O e5 14. fxe5 dxe5
15. Kb1 Nb6 16. Bxd4 exd4 17. Nd5 O-O 18. b4 Qd6 19. c5 Qe5 20. cxb6 axb6 21.
Nxb6 Rad8 22. Qg3 Qe7 23. a3 Qe6 24. Nd5 Rxd5 25. exd5 Qxd5 26. Qf2 Rc8 27. Qa2
Qe5 28. Rc1 Ra8 29. Rhe1 Qf4 30. Be4 Rd8 31. Qe2 d3 32. Bxd3 Qd4 33. Ka2 Qxd3
34. Qxd3 Rxd3 35. Re8+ Bf8 36. Rcc8 Rd2+ 37. Kb3 Rxh2 38. Rxf8+ Kg7 39. Rg8+
Kf6 40. Rb8 h5 41. Rxb7 h4 42. Rf8 h3 43. Rfxf7+ Kg5 44. Rh7 Kf4 45. Rbf7+ Kg3
46. Rhg7 Re2 47. Rxg6+ Kf2 48. Rh7 Re3+ 49. Ka4 Rxf3 1-0

[Event "CAN-op U2000"]
[Site "Kitchener CAN"]
[Date "2006.07.19"]
[Round "5"]
[White "Blair, David"]
[Black "Coleman, Mike"]
[Result "1-0"]
[WhiteElo "1908"]
[BlackElo "1998"]
[PlyCount "35"]
[EventDate "2006.07.15"]
[EventType "swiss"]
[EventRounds "9"]
[EventCountry "CAN"]

1. d4 Nf6 2. Nf3 d6 3. Bf4 b6 4. Nc3 Bb7 5. e3 e6 6. Bd3 Be7 7. Qe2 O-O 8. g4
Nxg4 9. O-O-O Nf6 10. Rhg1 Re8 11. Rxg7+ Kxg7 12. Rg1+ Kh8 13. Ng5 Rf8 14. Nxh7
Nbd7 15. Ng5 e5 16. Qf1 Nh5 17. Qh3 Ndf6 18. dxe5 1-0

[Event "CAN-op U2000"]
[Site "Kitchener CAN"]
[Date "2006.07.19"]
[Round "5"]
[White "Cunningham, Ross"]
[Black "Jackson, David"]
[Result "1-0"]
[WhiteElo "1517"]
[BlackElo "1997"]
[PlyCount "55"]
[EventDate "2006.07.15"]
[EventType "swiss"]
[EventRounds "9"]
[EventCountry "CAN"]

1. e4 d5 2. exd5 Nf6 3. d4 Nxd5 4. c4 Nb6 5. Nc3 e6 6. Nf3 Be7 7. Bd3 c5 8. Be3
Nc6 9. dxc5 Nd7 10. Qc2 Nb4 11. Qb1 Nxc5 12. Bxh7 Ncd3+ 13. Bxd3 Nxd3+ 14. Ke2
Nb4 15. a3 Na6 16. Rd1 Qc7 17. b3 Bd7 18. Nb5 Bxb5 19. cxb5 Nb8 20. Qe4 Nd7 21.
Rac1 Qa5 22. Qxb7 O-O 23. Rxd7 Bxa3 24. Rc4 Rab8 25. Qa6 Qxb5 26. Qxb5 Rxb5 27.
Rxa7 Rxb3 28. Nd2 1-0

[Event "CAN-op U2000"]
[Site "Kitchener CAN"]
[Date "2006.07.19"]
[Round "5"]
[White "Doucette, Patrick"]
[Black "Dragan, Cristian"]
[Result "1-0"]
[WhiteElo "1850"]
[BlackElo "1430"]
[PlyCount "41"]
[EventDate "2006.07.15"]
[EventType "swiss"]
[EventRounds "9"]
[EventCountry "CAN"]

1. c4 c5 2. Nc3 Nc6 3. g3 Nf6 4. e3 d6 5. Bg2 e5 6. Nge2 Be6 7. Qb3 Qd7 8. Nd5
Bxd5 9. cxd5 Ne7 10. O-O g6 11. d3 h5 12. f4 Bg7 13. fxe5 dxe5 14. e4 b6 15.
Bg5 Neg8 16. h3 Nh7 17. Be3 Nhf6 18. a4 Qd6 19. a5 Qb8 20. axb6 Nd7 21. b7 1-0

[Event "CAN-op U2000"]
[Site "Kitchener CAN"]
[Date "2006.07.19"]
[Round "5"]
[White "Dragusanu, George"]
[Black "Ramenaden, Matthew"]
[Result "0-1"]
[WhiteElo "1702"]
[BlackElo "1784"]
[PlyCount "76"]
[EventDate "2006.07.15"]
[EventType "swiss"]
[EventRounds "9"]
[EventCountry "CAN"]

1. e4 c5 2. Nf3 d6 3. d4 cxd4 4. Nxd4 Nf6 5. Nc3 a6 6. Be2 e6 7. Be3 Qc7 8. O-O
Be7 9. f4 Nbd7 10. Bf3 Nb6 11. Be2 Nc4 12. Bxc4 Qxc4 13. Qd3 Qc7 14. Nf3 O-O
15. Na4 Nd7 16. Rad1 b5 17. Nc3 Rd8 18. Qe2 Bb7 19. e5 dxe5 20. fxe5 Nxe5 21.
Nxe5 Qxe5 22. Qf2 Qh5 23. Ne2 Rxd1 24. Rxd1 Rd8 25. Rxd8+ Bxd8 26. Bb6 Bh4 27.
Qf4 e5 28. Qd2 Qg6 29. g3 Qxb6+ 30. Nd4 Bf6 31. Qe2 Qxd4+ 32. Kf1 Qxb2 33. h4
Bd5 34. Qd2 Qd4 35. Qa5 Bc4+ 36. Ke1 Qe3+ 37. Kd1 Be2+ 38. Ke1 Bf3+ 0-1

[Event "CAN-op U2000"]
[Site "Kitchener CAN"]
[Date "2006.07.19"]
[Round "5"]
[White "Ferreira, Alex"]
[Black "Gillanders, Robert"]
[Result "0-1"]
[WhiteElo "1855"]
[BlackElo "1805"]
[PlyCount "116"]
[EventDate "2006.07.15"]
[EventType "swiss"]
[EventRounds "9"]
[EventCountry "CAN"]

1. e4 c5 2. Nf3 Nc6 3. d4 cxd4 4. Nxd4 Nf6 5. Nc3 e5 6. Ndb5 d6 7. Bg5 a6 8.
Na3 b5 9. Nd5 Be7 10. Nxe7 Nxe7 11. Bxf6 gxf6 12. Qf3 Nc6 13. O-O-O O-O 14. c4
Be6 15. Kb1 Nd4 16. Rxd4 exd4 17. Nc2 bxc4 18. Nxd4 Qa5 19. Be2 c3 20. b3 Rac8
21. Qxf6 Qe5 22. Qxe5 dxe5 23. Nxe6 fxe6 24. Bc4 Rc6 25. f3 Rd8 26. g3 Rd2 27.
Rc1 Rb2+ 28. Ka1 Rxh2 29. Rxc3 Rd6 30. Bd3 Kf7 31. Kb1 h5 32. b4 Rg2 33. Rc7+
Kf6 34. Bc2 Rxg3 35. Rc8 h4 36. Rh8 h3 37. Kb2 Kg5 38. Bb3 Kf4 39. Ka3 Rxf3 40.
Rh4+ Ke3 41. Ka4 Kf2 42. b5 axb5+ 43. Kxb5 Kg2 44. Kc5 Rd2 45. Bxe6 h2 46.
Rxh2+ Kxh2 47. Bd5 Rf6 48. a4 Rc2+ 49. Kb5 Rd6 50. Bb3 Rb2 51. Kc5 Rd8 52. Bd5
Rc2+ 53. Kb6 Rb8+ 54. Ka7 Rb4 55. a5 Kg3 56. a6 Kf4 57. Ka8 Rc7 58. Bb7 Rcxb7
0-1

[Event "CAN-op U2000"]
[Site "Kitchener CAN"]
[Date "2006.07.19"]
[Round "5"]
[White "Goodman, Kevin"]
[Black "Cheng, Jack"]
[Result "0-1"]
[WhiteElo "1870"]
[BlackElo "1719"]
[PlyCount "83"]
[EventDate "2006.07.15"]
[EventType "swiss"]
[EventRounds "9"]
[EventCountry "CAN"]

1. g3 Nf6 2. Bg2 g6 3. Nf3 Bg7 4. O-O O-O 5. c4 d6 6. d3 Nc6 7. Bd2 e5 8. Bc3
Be6 9. Nbd2 h6 10. b4 Qc8 11. b5 Ne7 12. Rc1 Bh3 13. c5 Bxg2 14. Kxg2 Qd7 15.
cxd6 cxd6 16. Qb3 Ned5 17. Bb2 Rfe8 18. e4 Nc7 19. a4 Ne6 20. Ba3 Rac8 21. Nc4
Bf8 22. b6 a6 23. Rc2 Nc5 24. Bxc5 Rxc5 25. Rfc1 Rec8 26. Na5 Rxc2 27. Rxc2 Be7
28. Rxc8+ Qxc8 29. Qc4 Qxc4 30. Nxc4 Nd7 31. d4 exd4 32. Nxd4 Nc5 33. Na5 Nxa4
34. Ndc6 Bf8 35. Nxb7 Nxb6 36. Nb4 Kg7 37. Nxa6 Kf6 38. Nc7 Ke5 39. Nb5 Nc4 40.
f3 f5 41. Nc3 fxe4 42. fxe4 0-1

[Event "CAN-op U2000"]
[Site "Kitchener CAN"]
[Date "2006.07.19"]
[Round "5"]
[White "Heinisch, Peter"]
[Black "Milne, Arthur"]
[Result "1-0"]
[WhiteElo "1712"]
[BlackElo "1854"]
[PlyCount "73"]
[EventDate "2006.07.15"]
[EventType "swiss"]
[EventRounds "9"]
[EventCountry "CAN"]

1. e4 Nc6 2. d4 e5 3. d5 Nce7 4. c4 Ng6 5. a3 a5 6. Be3 d6 7. Nc3 Be7 8. Qd2
Nf6 9. f3 h5 10. O-O-O h4 11. Bd3 Nh7 12. Nge2 Bg5 13. Rdf1 Bxe3 14. Qxe3 Qg5
15. Qxg5 Nxg5 16. Nb5 Kd8 17. f4 exf4 18. Nxf4 Ne5 19. Nc3 Bd7 20. Rf2 Ke7 21.
h3 Rh6 22. Be2 Rf6 23. Rhf1 Rh8 24. b3 Rhh6 25. Kc2 Nh7 26. Kd2 g5 27. Nd3 Nxd3
28. Kxd3 Rxf2 29. Rxf2 Rf6 30. Ke3 Rxf2 31. Kxf2 Kf6 32. Ke3 Ke5 33. Bd1 Nf8
34. Bh5 Be8 35. Ne2 Nd7 36. Nd4 Nf6 37. Nf3# 1-0

[Event "CAN-op U2000"]
[Site "Kitchener CAN"]
[Date "2006.07.19"]
[Round "5"]
[White "Kollarich, Joseph"]
[Black "Solis, Jaime"]
[Result "1/2-1/2"]
[WhiteElo "1617"]
[BlackElo "1805"]
[PlyCount "146"]
[EventDate "2006.07.15"]
[EventType "swiss"]
[EventRounds "9"]
[EventCountry "CAN"]

1. d4 Nf6 2. c4 g6 3. Nc3 Bg7 4. Bg5 O-O 5. e3 d6 6. Bd3 Nbd7 7. Nf3 h6 8. Bh4
c5 9. O-O a6 10. Qc2 Rb8 11. Rab1 b6 12. Rfe1 Bb7 13. d5 Ng4 14. Ne4 Nde5 15.
Nxe5 Nxe5 16. Be2 f5 17. f4 Nf7 18. Nc3 Bc8 19. Bd3 g5 20. Bf2 Nh8 21. Ne2 Qe8
22. Ng3 Qf7 23. Rf1 Bd7 24. Be1 g4 25. Bc3 b5 26. Bxg7 Kxg7 27. b3 h5 28. e4 h4
29. Qc3+ Kh6 30. Nxf5+ Bxf5 31. exf5 b4 32. Qb2 Qg7 33. Qxg7+ Kxg7 34. Rbe1 Rb7
35. Re6 Rf6 36. Rfe1 Kf7 37. g3 hxg3 38. hxg3 a5 39. Be2 Rxf5 40. Kg2 Kf8 41.
Bxg4 Rf6 42. Rxf6+ exf6 43. Re6 Rb6 44. Rxf6+ Kg7 45. Re6 Ra6 46. Bh5 a4 47. g4
axb3 48. axb3 Ra3 49. Re3 Ng6 50. Bxg6 Kxg6 51. Re6+ Kf7 52. Rxd6 Rxb3 53. Rd7+
Kf6 54. g5+ Kg6 55. Rd6+ Kf5 56. Rf6+ Kg4 57. g6 Rb2+ 58. Kf1 Kf3 59. Ke1 b3
60. g7 Rg2 61. Rb6 Kxf4 62. Rxb3 Rxg7 63. Rd3 Ke5 64. Kd1 Kd6 65. Kc2 Rg6 66.
Re3 Kd7 67. Kb3 Rb6+ 68. Ka4 Rb4+ 69. Ka5 Rxc4 70. Kb5 Rc1 71. Re6 c4 72. Kb4
c3 73. Kb3 Rd1 1/2-1/2

[Event "CAN-op U2000"]
[Site "Kitchener CAN"]
[Date "2006.07.19"]
[Round "5"]
[White "Me, Kevin"]
[Black "Luiting, Larry"]
[Result "1/2-1/2"]
[WhiteElo "1817"]
[BlackElo "1617"]
[PlyCount "79"]
[EventDate "2006.07.15"]
[EventType "swiss"]
[EventRounds "9"]
[EventCountry "CAN"]

1. e4 d5 2. exd5 Nf6 3. d4 Bg4 4. Be2 Bxe2 5. Qxe2 Nxd5 6. Nf3 c6 7. O-O e6 8.
c4 Nf6 9. Bg5 Be7 10. Nc3 O-O 11. Rad1 Nbd7 12. Rd3 Nb6 13. b3 Qc7 14. Ne4 Nxe4
15. Qxe4 Rfe8 16. Bf4 Qd8 17. Ne5 Nd7 18. Nxd7 Qxd7 19. Rh3 f5 20. Qe2 Bf6 21.
Be5 Bxe5 22. Qxe5 Rad8 23. Rd3 Qd6 24. Rfd1 Qxe5 25. dxe5 Rxd3 26. Rxd3 Re7 27.
f4 Kf7 28. Rd6 c5 29. a3 Rc7 30. Kf2 Ke7 31. h3 Rd7 32. Rxd7+ Kxd7 33. Ke3 Kc6
34. g4 g6 35. gxf5 gxf5 36. Kf3 Kd7 37. Kg3 Ke7 38. Kh4 Kf7 39. Kg5 Kg7 40. Kh5
1/2-1/2

[Event "CAN-op U2000"]
[Site "Kitchener CAN"]
[Date "2006.07.19"]
[Round "5"]
[White "O'Brien, Frank"]
[Black "Garel, Rick"]
[Result "0-1"]
[WhiteElo "1622"]
[BlackElo "1861"]
[PlyCount "62"]
[EventDate "2006.07.15"]
[EventType "swiss"]
[EventRounds "9"]
[EventCountry "CAN"]

1. d4 Nf6 2. Nf3 e6 3. c4 b6 4. g3 Bb7 5. Bg2 Be7 6. O-O O-O 7. Nc3 d5 8. cxd5
exd5 9. Bf4 c6 10. Ne5 Nbd7 11. Rc1 Nxe5 12. Bxe5 Nd7 13. Bf4 f5 14. Qc2 Bg5
15. Bxg5 Qxg5 16. e3 Nf6 17. Ne2 Ba6 18. Rfe1 Bxe2 19. Qxe2 Rac8 20. Rc3 Ne4
21. Ra3 Rc7 22. Qc2 Qe7 23. Bxe4 fxe4 24. Rc3 Qf6 25. Re2 Qf3 26. Qd2 h5 27.
Qd1 h4 28. Qf1 hxg3 29. hxg3 Rf6 30. Rcc2 Rh6 31. Qg2 g5 0-1

[Event "CAN-op U2000"]
[Site "Kitchener CAN"]
[Date "2006.07.19"]
[Round "5"]
[White "Oberton, Daniel"]
[Black "Graham, Ken"]
[Result "0-1"]
[WhiteElo "1740"]
[BlackElo "1921"]
[PlyCount "100"]
[EventDate "2006.07.15"]
[EventType "swiss"]
[EventRounds "9"]
[EventCountry "CAN"]

1. e4 b6 2. d4 Bb7 3. Nc3 e6 4. Bd3 c5 5. Nf3 cxd4 6. Nxd4 Nf6 7. Qe2 Be7 8.
Bd2 Nc6 9. Nxc6 Bxc6 10. f4 d6 11. O-O-O Nd7 12. g4 Nc5 13. g5 Nxd3+ 14. Qxd3
Qd7 15. h4 O-O-O 16. Rh2 Qb7 17. Be3 Kb8 18. f5 d5 19. exd5 Bxd5 20. Qf1 Bf3
21. Rxd8+ Rxd8 22. fxe6 fxe6 23. Rf2 Bh5 24. Qh3 e5 25. Rd2 Rxd2 26. Bxd2 Qf3
27. Qxf3 Bxf3 28. Be3 Kb7 29. Kd2 Kc6 30. Kd3 a6 31. Bf2 b5 32. Ke3 Bg2 33. Bg3
b4 34. Ne4 Kd5 35. Nd2 Bc5+ 36. Ke2 e4 37. Bf4 Bh3 38. Be3 Bg4+ 39. Kf2 Bd6 40.
c4+ bxc3 41. bxc3 Be6 42. c4+ Ke5 43. c5 Bc7 44. a3 Kf5 45. Kg2 Bd5 46. Kh3 g6
47. Nf1 Ba5 48. Nd2 Bc3 49. Nb1 Be1 50. Nd2 Ke5 0-1

[Event "CAN-op U2000"]
[Site "Kitchener CAN"]
[Date "2006.07.19"]
[Round "5"]
[White "Semianiuk, Konstantin"]
[Black "Palmer, Jordan"]
[Result "0-1"]
[WhiteElo "1877"]
[BlackElo "1897"]
[PlyCount "112"]
[EventDate "2006.07.15"]
[EventType "swiss"]
[EventRounds "9"]
[EventCountry "CAN"]

1. e4 d5 2. exd5 Nf6 3. d4 Nxd5 4. Nf3 e6 5. Be2 Bd6 6. O-O O-O 7. c4 Nf4 8. b3
Qf6 9. Nc3 Nc6 10. Be3 b6 11. Nb5 a6 12. Nxd6 cxd6 13. Re1 Nxe2+ 14. Qxe2 d5
15. Qc2 Bb7 16. Rad1 dxc4 17. Qxc4 Rac8 18. Bg5 Qg6 19. Qd3 Qh5 20. Bd2 Rfd8
21. Qe3 Ne7 22. Rc1 Nf5 23. Qf4 Bxf3 24. Qxf3 Qxf3 25. gxf3 Nxd4 26. Kg2 b5 27.
Ba5 Re8 28. Red1 Nf5 29. Kf1 f6 30. Ke2 Nd4+ 31. Ke3 e5 32. Bb6 Ne6 33. Rxc8
Rxc8 34. Rd6 Kf7 35. Rd7+ Kg6 36. Rd6 Kf5 37. Ba5 Rc2 38. Rxa6 Rxa2 39. b4 Nd4
40. Rb6 Re2+ 41. Kd3 Rxf2 42. Rb7 Rxf3+ 43. Kd2 Rb3 44. Rxg7 Rb2+ 45. Kd3 Rxh2
46. Rf7 Ke6 47. Rf8 Rh3+ 48. Kd2 Rb3 49. Bd8 f5 50. Rf6+ Kd7 51. Bb6 Rxb4 52.
Bxd4 Rxd4+ 53. Ke2 f4 54. Rb6 b4 55. Rb7+ Ke6 56. Rxh7 Kd5 0-1

[Event "CAN-op U2000"]
[Site "Kitchener CAN"]
[Date "2006.07.19"]
[Round "5"]
[White "Smirlies, Joe"]
[Black "Armstrong, Robert J"]
[Result "0-1"]
[WhiteElo "1736"]
[BlackElo "1711"]
[PlyCount "68"]
[EventDate "2006.07.15"]
[EventType "swiss"]
[EventRounds "9"]
[EventCountry "CAN"]

1. g3 g6 2. Bg2 Bg7 3. c4 d6 4. d4 Nf6 5. Nf3 O-O 6. Nc3 c6 7. Bf4 d5 8. O-O
dxc4 9. e4 Bg4 10. Qd2 Bxf3 11. Bxf3 Na6 12. Rfd1 Nc7 13. Bh6 a6 14. Bxg7 Kxg7
15. Rac1 b5 16. d5 cxd5 17. exd5 Qd6 18. Qd4 Kg8 19. b3 cxb3 20. axb3 Rfd8 21.
Ne4 Nxe4 22. Qxe4 Ne8 23. Rc6 Qd7 24. Qf4 a5 25. h4 a4 26. h5 a3 27. hxg6 hxg6
28. Bg4 Qxc6 29. dxc6 Rxd1+ 30. Bxd1 a2 31. c7 a1=Q 32. Qg4 Nxc7 33. Kg2 Rd8
34. Be2 Kg7 0-1

[Event "CAN-op U2000"]
[Site "Kitchener CAN"]
[Date "2006.07.19"]
[Round "5"]
[White "Supsup, Ferdinand"]
[Black "MacNeill, Daniel"]
[Result "1-0"]
[WhiteElo "1880"]
[BlackElo "1728"]
[PlyCount "75"]
[EventDate "2006.07.15"]
[EventType "swiss"]
[EventRounds "9"]
[EventCountry "CAN"]

1. e4 e5 2. Nf3 Nc6 3. d4 exd4 4. Nxd4 Bc5 5. Nxc6 bxc6 6. Bd3 d6 7. O-O Be6 8.
Kh1 Qd7 9. f4 f6 10. Nc3 Qf7 11. Ne2 Ne7 12. b3 d5 13. Bb2 O-O 14. Ng3 Kh8 15.
Qe2 Rad8 16. Nh5 dxe4 17. Bxe4 Rfe8 18. Rad1 Bd5 19. Ng3 Nc8 20. Qf3 h6 21.
Bxd5 cxd5 22. Bd4 Bb6 23. Nh5 Bxd4 24. Rxd4 c5 25. Rdd1 Ne7 26. f5 Nc6 27. Nf4
Nd4 28. Qd3 Kg8 29. c3 Nc6 30. Nxd5 Re5 31. c4 Nb4 32. Nxf6+ Qxf6 33. Qxd8+
Qxd8 34. Rxd8+ Kh7 35. Rd7 Nc6 36. f6 Kg8 37. Rxg7+ Kf8 38. Rc7 1-0

[Event "CAN-op U2000"]
[Site "Kitchener CAN"]
[Date "2006.07.19"]
[Round "5"]
[White "Vera, Jesus"]
[Black "Hendon, Lee"]
[Result "0-1"]
[WhiteElo "1417"]
[BlackElo "1654"]
[PlyCount "46"]
[EventDate "2006.07.15"]
[EventType "swiss"]
[EventRounds "9"]
[EventCountry "CAN"]

1. e4 c5 2. Nf3 d6 3. d4 cxd4 4. Nxd4 Nf6 5. Nc3 a6 6. Be2 e6 7. O-O Be7 8. f4
O-O 9. Be3 b6 10. Bf3 Ra7 11. Qd2 Rd7 12. Rad1 Bb7 13. Qf2 b5 14. Rd3 b4 15.
Nce2 Nxe4 16. Bxe4 Bxe4 17. Rd2 Rc7 18. Rc1 Qd7 19. Ng3 Bb7 20. f5 Rfc8 21. Nh5
Nc6 22. f6 Bf8 23. Nxg7 Bxg7 0-1

[Event "CAN-op U2000"]
[Site "Kitchener CAN"]
[Date "2006.07.19"]
[Round "5"]
[White "Vlasov, John"]
[Black "McKay, Brian"]
[Result "1-0"]
[WhiteElo "1813"]
[BlackElo "1720"]
[PlyCount "73"]
[EventDate "2006.07.15"]
[EventType "swiss"]
[EventRounds "9"]
[EventCountry "CAN"]

1. d4 g6 2. e4 Bg7 3. Nc3 d6 4. Be3 Nd7 5. Qd2 a6 6. a4 b6 7. Be2 Bb7 8. f4
Ngf6 9. Bf3 O-O 10. e5 Bxf3 11. exf6 exf6 12. Nxf3 f5 13. O-O Nf6 14. d5 Re8
15. Rae1 Ne4 16. Nxe4 Rxe4 17. b3 Qd7 18. Ng5 Re7 19. Bd4 Rae8 20. Bxg7 Kxg7
21. Rxe7 Qxe7 22. Kf2 Qd7 23. Re1 h6 24. Nf3 c5 25. dxc6 Qxc6 26. Rxe8 Qxe8 27.
Qxd6 Qc8 28. c4 b5 29. axb5 axb5 30. c5 Qa8 31. b4 Qa2+ 32. Qd2 Qa6 33. h4 Qe6
34. Kg3 f6 35. Qd6 Qf7 36. c6 g5 37. Qd7 1-0

[Event "CAN-op U2000"]
[Site "Kitchener CAN"]
[Date "2006.07.19"]
[Round "5"]
[White "White, Chris"]
[Black "Faust, Steven"]
[Result "1/2-1/2"]
[WhiteElo "1552"]
[BlackElo "1183"]
[PlyCount "115"]
[EventDate "2006.07.15"]
[EventType "swiss"]
[EventRounds "9"]
[EventCountry "CAN"]

1. d4 Nf6 2. c4 e6 3. Nc3 Bb4 4. a3 Bxc3+ 5. bxc3 c5 6. Bf4 Qa5 7. Bd2 O-O 8.
f3 d6 9. e4 e5 10. Bd3 Nc6 11. Ne2 Qd8 12. O-O h6 13. Qe1 Ne7 14. Qf2 b6 15. h3
Nh7 16. Rad1 Ng6 17. f4 f5 18. Qg3 Qe8 19. fxe5 dxe5 20. exf5 Nf4 21. Nxf4 exf4
22. Bxf4 Kh8 23. Qf3 Bxf5 24. Rfe1 Qg6 25. Qg3 Bxd3 26. Rxd3 Qxg3 27. Bxg3 Nf6
28. Rde3 Rae8 29. Rxe8 Rxe8 30. Rxe8+ Nxe8 31. Bb8 a6 32. d5 Nf6 33. Be5 Nd7
34. Bf4 Kg8 35. Kf2 Kf7 36. a4 a5 37. Kf3 h5 38. Ke4 Kf6 39. h4 g6 40. d6 Ke6
41. Bg3 Nf6+ 42. Kf4 Nd7 43. Kg5 Kf7 44. Bf4 Kg7 45. g4 hxg4 46. Kxg4 Kf6 47.
Bg3 Kf7 48. Kg5 Kg7 49. Bh2 Kf7 50. Kh6 Kf6 51. Bf4 Kf7 52. Bg5 Ne5 53. Kh7 Nd7
54. Bf4 Nf6+ 55. Kh8 Nd7 56. Bg3 Nf6 57. Be5 Nd7 58. Bg7 1/2-1/2

[Event "CAN-op U2000"]
[Site "Kitchener CAN"]
[Date "2006.07.20"]
[Round "6"]
[White "Armstrong, Robert J"]
[Black "Le, Ken"]
[Result "1-0"]
[WhiteElo "1673"]
[BlackElo "1737"]
[PlyCount "63"]
[EventDate "2006.07.15"]
[EventType "swiss"]
[EventRounds "9"]
[EventCountry "CAN"]

1. d4 Nf6 2. c4 g6 3. Nc3 Bg7 4. e4 d6 5. f3 O-O 6. Be3 e5 7. d5 c5 8. g4 Qb6
9. Qd2 Na6 10. h4 Bd7 11. O-O-O Nb4 12. Bh6 a5 13. h5 a4 14. a3 Na6 15. hxg6
fxg6 16. Bxg7 Kxg7 17. Qh6+ Kf7 18. g5 Ng8 19. Qxh7+ Ke8 20. Qxg6+ Kd8 21. Qg7
Re8 22. Rh7 Ne7 23. Qf6 Nc7 24. g6 Ra6 25. g7 Kc8 26. Rh8 Qb3 27. Qxe7 Rb6 28.
Rd2 Kb8 29. Rxe8+ Bxe8 30. Qd8+ Ka7 31. Qxc7 Ka6 32. Qb8 1-0

[Event "CAN-op U2000"]
[Site "Kitchener CAN"]
[Date "2006.07.20"]
[Round "6"]
[White "Baxted, Peter"]
[Black "Oberton, Daniel"]
[Result "1/2-1/2"]
[WhiteElo "1685"]
[BlackElo "1740"]
[PlyCount "95"]
[EventDate "2006.07.15"]
[EventType "swiss"]
[EventRounds "9"]
[EventCountry "CAN"]

1. d4 Nf6 2. c4 g6 3. Nc3 Bg7 4. e4 d6 5. f4 O-O 6. Be2 c5 7. d5 e6 8. Nf3 exd5
9. exd5 Re8 10. O-O Bf5 11. Bd3 Ne4 12. Nxe4 Bxe4 13. Qc2 Bxf3 14. Rxf3 Bd4+
15. Kh1 Qf6 16. Rb1 Na6 17. Bd2 Nb4 18. Bxb4 cxb4 19. b3 Re7 20. Qd2 Bc3 21.
Qf2 Qd4 22. Qxd4 Bxd4 23. f5 Rae8 24. fxg6 hxg6 25. Rbf1 Re3 26. h3 a5 27. h4
b6 28. Kh2 R8e7 29. Kh3 Kg7 30. Kg4 Rxf3 31. Rxf3 Re3 32. Rxe3 Bxe3 33. Kf3 Bd2
34. Ke2 Bc1 35. Kd1 Bf4 36. Ke2 Bg3 37. h5 gxh5 38. Kf3 Be5 39. Bf5 Kf6 40. Ke4
Kg5 41. Bd7 Bh2 42. Bf5 Kh4 43. Kf3 f6 44. Be6 Kg5 45. Ke4 Bg1 46. Bf5 Kh6 47.
Kf3 Bh2 48. Ke4 1/2-1/2